000 00624nam a22002057a 4500
003 UA-OsUOA
001 99073
007 ta
008 20130423b un ||||| |||| 00| 0 ukr d
090 _a82
_bГ94
942 _cSA
040 _aUA-OsUOA
_bukr
_cUA-OsUOA
_dUA-OsUOA
245 _aГуманістичний пафос західноукраїнської прози 1920-х рр.
300 _aС.3-12
955 _a0
041 _aukr
080 _a82
773 0 _w99071
_tБілліотечка "Дивослова"
_dК.
_d2013
_g4
650 7 _a82 Література. Літературознавство
_2UDC
999 _c385549
_d385549